Estrategias para la enseñanza – aprendizaje desde un abordaje andragógico en modalidad B-learning : un estudio de caso en la cátedra diseño de proyecto de investigación en Ciencias Sociales, Arte y Educación

En la construcción del debate pedagógico sobre cómo aprenden los adultos surge la andragogía, una teoría pedagógica que tiene por campo de reflexión y acción la educación para adultos, la cual se confronta constantemente al desafío de cómo hacer que un aprendizaje sea significativo, tanto en context...

Descripción completa

Detalles Bibliográficos
Autor principal: Salinas Flores, Alejandra
Otros Autores: Ramírez Guzmán, Boris (profesor guía)
Formato: Tesis
Lenguaje:español
Publicado: Santiago, Chile : Universidad Academia de Humanismo Cristiano, 2023.
Materias:

MARC

LEADER 00000nmm a22000007a 4500
001 045102
003 UAHC_CL
005 20240318115515.0
008 240318s2023 cl o d spa
040 |a UAHC_CL  |c UAHC_CL  |d UAHC_CL 
100 |a Salinas Flores, Alejandra  |9 19304 
245 1 0 |a Estrategias para la enseñanza – aprendizaje desde un abordaje andragógico en modalidad B-learning :   |b un estudio de caso en la cátedra diseño de proyecto de investigación en Ciencias Sociales, Arte y Educación  |c Alejandra Salinas Flores ; profesor guía Boris Ramírez. 
260 |a Santiago, Chile :   |b Universidad Academia de Humanismo Cristiano,  |c 2023. 
300 |a 165 páginas. 
500 |a Tesis para optar al grado de Magíster en Educación con mención en Didáctica e Innovación Pedagógica. 
502 |a Tesis (Magíster en Educación) -- Universidad Academia de Humanismo Cristiano, 2023. 
516 |a Tesis electrónica (PDF). Solicitar envío de documento a biblioteca@academia.cl. 
520 |a En la construcción del debate pedagógico sobre cómo aprenden los adultos surge la andragogía, una teoría pedagógica que tiene por campo de reflexión y acción la educación para adultos, la cual se confronta constantemente al desafío de cómo hacer que un aprendizaje sea significativo, tanto en contextos de modalidad presencial, b-learning y e-learning. En ese marco, la siguiente investigación busca analizar las estrategias para la enseñanza-aprendizaje desde un abordaje andragógico en modalidad b-learning, un estudio de caso en la cátedra Diseño de proyecto de investigación en Ciencias Sociales, Arte y Educación, presente en el Magíster en Educación mención Liderazgo Transformacional y Gestión Escolar, en conjunto con el Magíster en Arte popular latinoamericano. Además, tiene como objetivo desarrollar un instrumento de innovación metodológica para la observación de la práctica andragógica de un docente universitario, y así aportar a la investigación de las distintas metodologías utilizadas en la mediación pedagógica presente en la formación para adultos de postgrado.  
650 0 |a Educación de adultos  |9 4339 
650 0 |a Andragogía  |9 19305 
653 |a Educación b-learning 
653 |a Estrategias andragógicas 
700 |a Ramírez Guzmán, Boris  |e profesor guía  |9 3337 
900 |a TMED 177 
942 |c TS  |2 ddc 
952 |0 0  |1 0  |4 0  |6 TMED_177_000000000000000  |7 0  |8 COMP  |9 99266  |a BC  |b BC  |c Digital  |d 2024-03-18  |l 0  |o TMED 177  |r 2024-03-18 00:00:00  |w 2024-03-18  |y TS  |z Documento en PDF  |B MED 
999 |c 61548  |d 61548